<?xml version="1.0" encoding="UTF-8"?>
<collection xmlns="http://www.loc.gov/MARC21/slim">
    <record>
        <controlfield tag="001">13808</controlfield>
        <controlfield tag="005">20151001114329.0</controlfield>
        <datafield tag="037" ind1=" " ind2=" ">
            <subfield code="a">BOUZ-2013-118</subfield>
        </datafield>
        <datafield tag="040" ind1=" " ind2=" ">
            <subfield code="a">Secretaría General</subfield>
        </datafield>
        <datafield tag="222" ind1=" " ind2=" ">
            <subfield code="a">Boletín Oficial de la Universidad de Zaragoza</subfield>
        </datafield>
        <datafield tag="245" ind1=" " ind2=" ">
            <subfield code="a">BOUZ 08-2011 (13 julio)</subfield>
        </datafield>
        <datafield tag="260" ind1=" " ind2=" ">
            <subfield code="a">Zaragoza</subfield>
            <subfield code="b">Secretaría General de la Universidad de Zaragoza</subfield>
            <subfield code="c">2011</subfield>
        </datafield>
        <datafield tag="310" ind1=" " ind2=" ">
            <subfield code="a">Irregular</subfield>
        </datafield>
        <datafield tag="362" ind1="0" ind2=" ">
            <subfield code="a">2001-</subfield>
        </datafield>
        <datafield tag="505" ind1="0" ind2=" ">
            <subfield code="a">•	Aprobación del incremento de precios públicos por servicios académicos a algunos colectivos extranjeros.	1722</subfield>
        </datafield>
        <datafield tag="505" ind1="0" ind2=" ">
            <subfield code="a">•	Aprobación de la supresión de la titulación conjunta de Máster Universitario en Estudios Medievales de la Corona de Aragón	1722</subfield>
        </datafield>
        <datafield tag="505" ind1="0" ind2=" ">
            <subfield code="a">•	Modificación del precio público correspondiente al Máster en Gestión de Política y Proyectos Culturales, curso 2011-2012	1722</subfield>
        </datafield>
        <datafield tag="505" ind1="0" ind2=" ">
            <subfield code="a">•	Aprobación de la distribución de becas de colaboración para el curso 2011-2012	1722</subfield>
        </datafield>
        <datafield tag="505" ind1="0" ind2=" ">
            <subfield code="a">1.3. Consejo de Gobierno</subfield>
        </datafield>
        <datafield tag="505" ind1="0" ind2=" ">
            <subfield code="a">•	Comisión Permanente: modificación del calendario académico para el curso 2011-2012	1723</subfield>
        </datafield>
        <datafield tag="505" ind1="0" ind2=" ">
            <subfield code="a">•	Comisión Permanente: corrección de errores del acuerdo de 14 de junio de 2011, de miembros de comisiones de concursos de acceso	1723</subfield>
        </datafield>
        <datafield tag="505" ind1="0" ind2=" ">
            <subfield code="a">•	Comisión Permanente: concesión de licencias sabáticas.	1723</subfield>
        </datafield>
        <datafield tag="505" ind1="0" ind2=" ">
            <subfield code="a">•	Comisión Permanente: designación de los miembros de una comisión de selección de profesores contratados doctores.		1724</subfield>
        </datafield>
        <datafield tag="505" ind1="0" ind2=" ">
            <subfield code="a">•	Comisión Permanente: nombramiento o renovación de colaboradores extraordinarios	1724</subfield>
        </datafield>
        <datafield tag="505" ind1="0" ind2=" ">
            <subfield code="a">•	Concesión del grado de doctor honoris causa al doctor don Valentín Fuster de Carulla	1726</subfield>
        </datafield>
        <datafield tag="505" ind1="0" ind2=" ">
            <subfield code="a">•	Concesión del grado de doctor honoris causa al doctor don Paul R. McHugh. 	1726</subfield>
        </datafield>
        <datafield tag="505" ind1="0" ind2=" ">
            <subfield code="a">•	Modificación de la RPT del PDI al amparo del apartado II.7.6. de las Directrices para el establecimiento y modificación de la RPT del PDI.	1726</subfield>
        </datafield>
        <datafield tag="505" ind1="0" ind2=" ">
            <subfield code="a">•	Transformación de plaza al amparo de lo establecido en la disposición transitoria de la Normativa sobre solicitud de plazas al Programa Ramón y Cajal	1727</subfield>
        </datafield>
        <datafield tag="505" ind1="0" ind2=" ">
            <subfield code="a">•	Nombramiento de profesores eméritos acogidos al Plan de Incentivación de la Jubilación Voluntaria del Profesorado		1728</subfield>
        </datafield>
        <datafield tag="505" ind1="0" ind2=" ">
            <subfield code="a">•	Supresión de la titulación conjunta Máster Universitario en Estudios Medievales de la Corona de Aragón de la oferta de titulaciones	1729</subfield>
        </datafield>
        <datafield tag="505" ind1="0" ind2=" ">
            <subfield code="a">•	Aprobación de la venta del inmueble situado en la calle San Jorge nº 25 de Huesca	1730</subfield>
        </datafield>
        <datafield tag="505" ind1="0" ind2=" ">
            <subfield code="a">1.4. Rector</subfield>
        </datafield>
        <datafield tag="505" ind1="0" ind2=" ">
            <subfield code="a">•	Delegación de competencias para convocar ocho becas de apoyo en la Directora del Hospital Veterinario	1730</subfield>
        </datafield>
        <datafield tag="505" ind1="0" ind2=" ">
            <subfield code="a">•		Sustitución de un miembro del Consejo de Gobierno	1730</subfield>
        </datafield>
        <datafield tag="505" ind1="0" ind2=" ">
            <subfield code="a">1.5. Junta Electoral Central</subfield>
        </datafield>
        <datafield tag="505" ind1="0" ind2=" ">
            <subfield code="a">•	Proclamación con carácter definitivo dos miembros electos del Consejo de Gobierno	1730</subfield>
        </datafield>
        <datafield tag="505" ind1="0" ind2=" ">
            <subfield code="a">IV Otras informaciones de interés</subfield>
        </datafield>
        <datafield tag="505" ind1="0" ind2=" ">
            <subfield code="a">•	Nombramientos y ceses	1731</subfield>
        </datafield>
        <datafield tag="505" ind1="0" ind2=" ">
            <subfield code="a">•	Publicado en el BOE	1733</subfield>
        </datafield>
        <datafield tag="505" ind1="0" ind2=" ">
            <subfield code="a">•	Publicado en el BOA	1733</subfield>
        </datafield>
        <datafield tag="530" ind1=" " ind2=" ">
            <subfield code="a">Versión electrónica</subfield>
        </datafield>
        <datafield tag="540" ind1=" " ind2=" ">
            <subfield code="a">Todos los derechos reservados</subfield>
            <subfield code="a">http://www.europeana.eu/rights/rr-f/</subfield>
        </datafield>
        <datafield tag="710" ind1="2" ind2=" ">
            <subfield code="a">Universidad de Zaragoza</subfield>
            <subfield code="b">Secretaría General</subfield>
        </datafield>
        <datafield tag="856" ind1="4" ind2=" ">
            <subfield code="s">510792</subfield>
            <subfield code="u">http://zaguan.unizar.es/record/13808/files/BOUZ_08_11_2011.pdf</subfield>
            <subfield code="y">BOUZ 08-2011 (13 julio)</subfield>
        </datafield>
        <datafield tag="856" ind1="4" ind2=" ">
            <subfield code="s">232398</subfield>
            <subfield code="u">http://zaguan.unizar.es/record/13808/files/BOUZ_08_11_2011.jpg?subformat=icon</subfield>
            <subfield code="x">icon</subfield>
            <subfield code="y">BOUZ 08-2011 (13 julio)</subfield>
        </datafield>
        <datafield tag="902" ind1=" " ind2=" ">
            <subfield code="a">2011-08-001</subfield>
        </datafield>
        <datafield tag="980" ind1=" " ind2=" ">
            <subfield code="a">BOUZ</subfield>
        </datafield>
    </record>

    
</collection>